Os lugares de Maria (Registo nº 2223)

Detalhes MARC
000 -Etiqueta do registo
Cabeçalho 00771nam a22002771 4500
005 - Identificador da versão
Campo de controlo 20240813121928.0
010 ## - Número internacional normalizado dos livros (ISBN)
Número (ISBN) 9727516882
021 ## - Número do Depósito Legal
Código do país PT
Número 224446/05
100 ## - Dados gerais de processamento
Dados gerais de processamento 20060629d2005 a y0pory5003 ba
102 ## - Pais de publicação ou produção
País de publicação Portugal
101 0# - Língua de publicação
Língua do texto, banda sonora, etc. Português
106 ## - Campo de dados codificados: material textual
Dados codificados do material textual r
105 ## - Campo de dados codificados: livros
Dados codificados dos livros a z 000fy
215 ## - Descrição física 
Indicação específica da natureza do documento e extensão da espécie 58, [3] p.
Outras indicações físicas muito il.
Dimensões 27 cm
200 1# - Titulo e menção de responsabilidade
Título próprio Os lugares de Maria
Primeira menção de responsabilidade Margarida Botelho
225 2# - Colecção 
Título próprio da colecção Contos contados
210 ## - Publicação, Distribuição, etc. 
Lugar da edição, distribuição, etc. Prior Velho
Nome do editor, distribuidor, etc. Paulinas
Data da publicação, distribuição, etc. 2005
300 ## - Notas gerais 
Texto da nota Prémio Literatura para a infância, Almada 2004
606 ## - Nome comum usado como assunto
Número de registo de entrada de autoridade 0000051
Palavra de ordem Literatura portuguesa juvenil
Subdivisão de assunto Conto
675 ## - Classificação Decimal Universal (CDU)
Notação 821.134.3-34
Edição
Língua da edição por
700 #1 - Nome de autor-pessoa física (responsabilidade principal)
Número de registo de entrada de autoridade 0001038
Palavra de ordem Botelho
Outra parte do nome não tomada para palavra de ordem Margarida
942 ## - Elementos de entrada adicionados (Koha)
Tipo de item no Koha Livro
Exemplares
Situação do levantamento Origin of item (home branch) (coded) Biblioteca de empréstimo Código de barras Cota Circulation type (not for loan) Tipo de documento Nota do exemplar Damaged status
  Biblioteca Escolar da Coca Maravilhas Biblioteca Escolar da Coca Maravilhas BECM7431/06 8POR BOT   Livro Sem mensagem